[Event "Maastricht Limburg op-B 5th"]
[Site "Maastricht"]
[Date "2011.06.11"]
[Round "3"]
[White "Sluiter, Jan"]
[Black "Gerritsen, Diederik"]
[Result "1-0"]
[WhiteElo "1859"]
[BlackElo "1840"]
[PlyCount "29"]
[EventDate "2011.06.10"]
[EventType "swiss"]
[EventRounds "7"]
[EventCountry "NED"]
[SourceTitle "EXT 2012"]
[Source "ChessBase"]
[SourceDate "2011.11.24"]
[SourceVersion "1"]
[SourceVersionDate "2011.11.24"]
[SourceQuality "1"]

1. e4 c5 2. Nc3 e6 3. g3 Nc6 4. Bg2 g6 5. d3 Bg7 6. f4 Nge7 7. Nf3 0-0 8. Be3 Nd4 9. 0-0 d6 10. Qd2 Nec6 11. Nd1 Nxf3+ 12. Rxf3 e5 13. f5 Bd7 14. Bh6 Qf6 15. Bg5 1-0